[Event "Moscow Open A 2015"]
[Site "Moscow RUS"]
[Date "2015.02.06"]
[Round "7.66"]
[White "Afanasiev, Nikita"]
[Black "Triapishko, Olexandr"]
[Result "0-1"]
[WhiteTitle "FM"]
[WhiteElo "2264"]
[BlackElo "2379"]
[WhiteFideId "24183555"]
[BlackFideId "14122286"]
[EventDate "2015.01.31"]

1. c4 e5 2. g3 Nf6 3. Bg2 c6 4. d3 d5 5. cxd5 cxd5 6. Bg5 Bc5 7. e3 d4 8. e4 O-O
9. Nf3 Nc6 10. O-O Be7 11. h3 Nd7 12. Bc1 Nc5 13. b4 Nxb4 14. Nxe5 Be6 15. Qd2
a5 16. Ba3 Qb6 17. Rc1 Qb5 18. Nf3 Rfd8 19. Bf1 Rac8 20. Qd1 Nxa2 21. Rc4 Nb4
22. Rxd4 Nb3 23. Rxd8+ Rxd8 24. Nc3 Qc6 25. Nd5 Bxd5 26. exd5 Qxd5 27. Rb1 Nd4
28. Nxd4 Qxd4 29. Bb2 Qd7 30. Qh5 Qd5 31. Qg4 Bf8 32. Ra1 Qb3 33. Bf6 h5 34. Qg5
Rd5 0-1

[Event "Moscow Open A 2015"]
[Site "Moscow RUS"]
[Date "2015.02.06"]
[Round "7.67"]
[White "Zude, Erik"]
[Black "Vokhidov, Shamsiddin"]
[Result "1-0"]
[WhiteTitle "IM"]
[WhiteElo "2378"]
[BlackElo "2218"]
[WhiteFideId "4604644"]
[BlackFideId "14204223"]
[EventDate "2015.01.31"]

1. Nf3 Nf6 2. c4 e6 3. g3 Be7 4. Bg2 O-O 5. O-O d5 6. b3 b6 7. Bb2 Bb7 8. e3 c5
9. Nc3 Nbd7 10. d3 Rc8 11. Qe2 Bd6 12. Rad1 Qe7 13. Ne1 Bc6 14. f4 a6 15. e4 d4
16. e5 dxc3 17. Bxc3 Bxg2 18. Nxg2 Bb8 19. exf6 Nxf6 20. g4 Nd7 21. Rf3 Rce8 22.
Re1 f6 23. Re3 e5 24. f5 Qf7 25. Re4 b5 26. Nf4 Nb6 27. Kh1 b4 28. Bd2 Nc8 29.
Nh5 Ne7 30. Be3 Bd6 31. Qf2 Rc8 32. Ng3 Nc6 33. Rg1 Nd4 34. Qg2 g6 35. fxg6 hxg6
36. Bxd4 exd4 37. Nf5 Qc7 38. Re6 Bxh2 39. Re7 Bxg1 40. Kxg1 Rfe8 41. Qd5+ Kh8
42. Qh1+ 1-0

[Event "Moscow Open A 2015"]
[Site "Moscow RUS"]
[Date "2015.02.06"]
[Round "7.68"]
[White "Ovchinnikov, Vsevolod"]
[Black "Vdovin, Vadim"]
[Result "0-1"]
[WhiteTitle "FM"]
[BlackTitle "FM"]
[WhiteElo "2249"]
[BlackElo "2377"]
[WhiteFideId "24176842"]
[BlackFideId "24107158"]
[EventDate "2015.01.31"]

1. d4 Nf6 2. c4 g6 3. Nc3 Bg7 4. e4 d6 5. Nf3 O-O 6. Be2 Bg4 7. h3 Bxf3 8. Bxf3
Nfd7 9. Be3 Nc6 10. Rc1 e5 11. d5 Nd4 12. Nb5 Nxf3+ 13. Qxf3 f5 14. Nc3 a6 15.
Qd1 Qh4 16. g3 Qe7 17. Rc2 Rf7 18. Re2 Raf8 19. exf5 gxf5 20. f4 Qf6 21. O-O Re8
22. Kg2 Qg6 23. Kh2 Kh8 24. Bc1 Rfe7 25. Qc2 Rg8 26. g4 Rf7 27. fxe5 Bxe5+ 28.
Kh1 fxg4 29. Rxf7 Qxf7 30. Rf2 Qh5 31. Qd3 g3 32. Rg2 Qxh3+ 33. Kg1 Qh2+ 34. Kf1
Rf8+ 0-1

[Event "Moscow Open A 2015"]
[Site "Moscow RUS"]
[Date "2015.02.06"]
[Round "7.69"]
[White "Appolonov, Sergey"]
[Black "Igonin, Temur"]
[Result "1-0"]
[WhiteTitle "IM"]
[BlackTitle "FM"]
[WhiteElo "2370"]
[BlackElo "2274"]
[WhiteFideId "4116291"]
[BlackFideId "14203049"]
[EventDate "2015.01.31"]

1. Nf3 d5 2. g3 Bg4 3. Bg2 c6 4. b3 Nd7 5. Bb2 Ngf6 6. O-O e6 7. d3 Bd6 8. Nbd2
O-O 9. h3 Bh5 10. e3 e5 11. g4 Bg6 12. Nh4 Qc7 13. Qe2 Rfe8 14. c4 dxc4 15. Nxc4
Bf8 16. Rac1 a5 17. a3 Qb8 18. Rfd1 Nd5 19. g5 Qd8 20. Nxg6 hxg6 1-0

[Event "Moscow Open A 2015"]
[Site "Moscow RUS"]
[Date "2015.02.06"]
[Round "7.70"]
[White "Bykov, Oleg"]
[Black "Gorozhanin, Mikhail"]
[Result "1-0"]
[BlackTitle "FM"]
[WhiteElo "2186"]
[BlackElo "2370"]
[WhiteFideId "24198978"]
[BlackFideId "4178262"]
[EventDate "2015.01.31"]

1. d4 d5 2. c4 c6 3. Nf3 e6 4. Nc3 dxc4 5. e3 b5 6. a4 Bb4 7. Bd2 a5 8. axb5
Bxc3 9. Bxc3 cxb5 10. b3 Bb7 11. bxc4 b4 12. Bb2 Nf6 13. Bd3 O-O 14. O-O Nbd7
15. c5 Qc7 16. Bc2 h6 17. Re1 Rfd8 18. Nd2 e5 19. f3 exd4 20. exd4 Qf4 21. Nc4
a4 22. Nd6 Bd5 23. Rxa4 Rxa4 24. Bxa4 Nf8 25. Bc1 Qh4 26. Nf5 Qh5 27. Re5 g5 28.
Bb3 Ng6 29. Re1 Bxb3 30. Qxb3 Rd5 31. c6 Rd8 32. c7 Rc8 33. Qc4 Ne8 34. Rxe8+
Rxe8 35. c8=Q 1-0

[Event "Moscow Open A 2015"]
[Site "Moscow RUS"]
[Date "2015.02.06"]
[Round "7.71"]
[White "Mirzoev, Emil"]
[Black "Komissarov, Alexey"]
[Result "1/2-1/2"]
[WhiteElo "2362"]
[BlackElo "2205"]
[WhiteFideId "14108640"]
[BlackFideId "4176545"]
[EventDate "2015.01.31"]

1. e4 c5 2. Nc3 a6 3. g3 b5 4. Bg2 Bb7 5. d3 Nc6 6. f4 g6 7. Nf3 Bg7 8. O-O d6
9. h3 e6 10. g4 Nge7 11. Ne2 h5 12. gxh5 Rxh5 13. Ng3 Rh8 14. Ng5 Bd4+ 15. Kh2
Qc7 16. c3 Bg7 17. f5 gxf5 18. exf5 exf5 19. Nxf5 Be5+ 20. Kg1 Nxf5 21. Rxf5 f6
22. Bf3 Rg8 23. Bh5+ Kd8 24. d4 cxd4 25. cxd4 Qb6 1/2-1/2

[Event "Moscow Open A 2015"]
[Site "Moscow RUS"]
[Date "2015.02.06"]
[Round "7.72"]
[White "Danielyan, Vahe"]
[Black "Sadovsky, Artem"]
[Result "0-1"]
[WhiteElo "2140"]
[BlackElo "2362"]
[WhiteFideId "13304828"]
[BlackFideId "4155840"]
[EventDate "2015.01.31"]

1. e4 g6 2. d4 Bg7 3. Nc3 c6 4. Be3 d5 5. e5 h5 6. f4 Nh6 7. Nf3 Bg4 8. Qd2 Bxf3
9. gxf3 e6 10. O-O-O Nf5 11. Bf2 b5 12. Kb1 Nd7 13. Bd3 Nb6 14. Bxf5 exf5 15. e6
fxe6 16. Rhg1 Kf7 17. Qe1 Bf6 18. Ne2 Nc4 19. Nc1 c5 20. b3 Na3+ 21. Kb2 b4 22.
Nd3 Qd6 23. Ne5+ Bxe5 24. dxe5 Qc6 25. Bh4 Rhg8 26. Qg3 g5 27. Qe1 Nb5 28. Bxg5
Qa6 29. a4 bxa3+ 30. Ka2 c4 31. Qb4 cxb3+ 32. cxb3 Qb7 33. Rc1 Rac8 34. Rxc8
Rxc8 35. Rg2 Nc3+ 36. Kxa3 Qa6+ 0-1

[Event "Moscow Open A 2015"]
[Site "Moscow RUS"]
[Date "2015.02.06"]
[Round "7.73"]
[White "Kotenko, Pavel"]
[Black "Litvinov, Maxim"]
[Result "1/2-1/2"]
[WhiteTitle "IM"]
[WhiteElo "2359"]
[BlackElo "2192"]
[WhiteFideId "4130219"]
[BlackFideId "24157449"]
[EventDate "2015.01.31"]

1. e4 e5 2. Nf3 Nc6 3. Bb5 Nf6 4. O-O Nxe4 5. d4 Nd6 6. dxe5 Nxb5 7. a4 Nbd4 8.
Nxd4 Nxd4 9. Qxd4 d5 10. exd6 Qxd6 11. Qe3+ Be6 12. Nc3 Qc6 13. Nb5 Bd6 14. Nd4
Bc5 15. Nxc6 Bxe3 16. Bxe3 bxc6 17. Bc5 a6 18. Rad1 Rd8 19. f3 Rd5 20. b4 Kd8
21. Rfe1 Rxd1 22. Rxd1+ Kc8 23. Kf2 Rd8 24. Rxd8+ Kxd8 25. Ke3 Bf5 26. c3 Bc2
27. a5 Kd7 28. Bf8 g6 29. Kd4 f6 30. Bh6 Bd1 31. Bf4 Be2 32. Ke3 Bf1 33. g4 c5
34. bxc5 c6 35. h4 Ke6 36. Bd6 Bc4 37. Ke4 h5 38. Bg3 Be2 39. gxh5 gxh5 40. Bc7
Bd1 1/2-1/2

[Event "Moscow Open A 2015"]
[Site "Moscow RUS"]
[Date "2015.02.06"]
[Round "7.74"]
[White "Smirnov, Timofey"]
[Black "Kalinin, Nikita"]
[Result "1/2-1/2"]
[WhiteElo "2358"]
[BlackElo "2139"]
[WhiteFideId "24176427"]
[BlackFideId "24155390"]
[EventDate "2015.01.31"]

1. e4 e5 2. Nf3 Nc6 3. Bb5 Bc5 4. O-O Nd4 5. Nxd4 Bxd4 6. c3 Bb6 7. d4 c6 8. Bc4
d6 9. dxe5 dxe5 10. Qxd8+ Bxd8 11. Be3 Nf6 12. f3 Bb6 13. Bxb6 axb6 14. Na3 Ke7
15. Bb3 Be6 16. Kf2 Rhd8 17. Ke2 b5 18. Nc2 Nd7 19. Bxe6 Kxe6 20. Nb4 Nc5 21.
Rfd1 Ke7 22. Rxd8 Rxd8 23. Rd1 Rxd1 24. Kxd1 Kd6 25. Kd2 f6 26. Nc2 g6 27. Ne3
Ne6 28. Ng4 Ke7 29. Ke3 h5 30. Nf2 Kd6 31. Nd3 Nc5 32. Nf2 Na4 33. Nd1 Nc5 34.
Nf2 Na4 35. Nd1 1/2-1/2

[Event "Moscow Open A 2015"]
[Site "Moscow RUS"]
[Date "2015.02.06"]
[Round "7.75"]
[White "Kazakovskiy, Valeriy"]
[Black "Bykov, Egor"]
[Result "1-0"]
[WhiteElo "2354"]
[BlackElo "2109"]
[WhiteFideId "13507443"]
[BlackFideId "34115290"]
[EventDate "2015.01.31"]

1. e4 e6 2. d4 d5 3. Nc3 dxe4 4. Nxe4 Nd7 5. Nf3 Ngf6 6. Bd3 Nxe4 7. Bxe4 Nf6 8.
Bg5 Be7 9. Bxf6 Bxf6 10. Qd3 Qe7 11. O-O-O h6 12. Qb5+ Qd7 13. Qb3 c6 14. Ne5
Qc7 15. f4 Bd7 16. g3 Rf8 17. Rd3 O-O-O 18. Rhd1 Be7 19. Rc3 Bd6 20. Qa4 Kb8 21.
Rb3 Bxe5 22. dxe5 c5 23. Rxd7 Rxd7 24. Bxb7 c4 25. Rb4 Qxb7 26. Rxb7+ Rxb7 27.
Qxc4 Rd8 28. b3 h5 29. Qe2 g6 30. c4 1-0

[Event "Moscow Open A 2015"]
[Site "Moscow RUS"]
[Date "2015.02.06"]
[Round "7.76"]
[White "Tillyaev, Ulugbek"]
[Black "Tutisani, Noe"]
[Result "1-0"]
[WhiteTitle "FM"]
[WhiteElo "2404"]
[BlackElo "2308"]
[WhiteFideId "14202441"]
[BlackFideId "13602853"]
[EventDate "2015.01.31"]

1. c4 e5 2. Nc3 Nc6 3. g3 g6 4. Bg2 Bg7 5. e3 d6 6. Nge2 h5 7. h3 h4 8. g4 f5 9.
gxf5 Bxf5 10. d3 Qd7 11. Nd5 O-O-O 12. b4 e4 13. d4 Nf6 14. b5 Ne7 15. Nb4 d5
16. Rb1 dxc4 17. Qa4 Ned5 18. Nxd5 Qxd5 19. Qxa7 b6 20. Nc3 Qe6 21. Bf1 Nh7 22.
Rb4 Ng5 23. Rxc4 Nf3+ 24. Kd1 Be5 25. Ba3 Nxd4 26. Kc1 Qf6 27. Nd5 1-0

[Event "Moscow Open A 2015"]
[Site "Moscow RUS"]
[Date "2015.02.06"]
[Round "7.77"]
[White "Sysoev, Vjacheslav"]
[Black "Tologontegin, Semetey"]
[Result "0-1"]
[WhiteTitle "FM"]
[BlackTitle "FM"]
[WhiteElo "2306"]
[BlackElo "2404"]
[WhiteFideId "4198689"]
[BlackFideId "13800574"]
[EventDate "2015.01.31"]

1. e4 g6 2. d4 Bg7 3. Nf3 c5 4. d5 d6 5. Nc3 Nf6 6. h3 O-O 7. Bg5 h6 8. Bd2 e6
9. Be2 exd5 10. exd5 Na6 11. O-O Nc7 12. Bf4 a6 13. a4 b6 14. Qd2 Kh7 15. Bh2
Bb7 16. Rad1 Qd7 17. Qf4 Rad8 18. Qh4 Rfe8 19. Rfe1 Kg8 20. Nd2 g5 21. Qg3 Ncxd5
22. Nc4 Nxc3 23. Qxc3 Ne4 24. Qb3 Bd4 25. Rxd4 cxd4 26. Qxb6 Qc6 27. f3 Nc5 28.
Kf1 d5 29. Qxc6 Bxc6 30. Nd6 Re6 31. Nf5 d3 32. cxd3 Bxa4 33. Nd4 Ree8 34. Ra1
Rc8 35. f4 Nb3 36. Nxb3 Bxb3 37. Bg4 Rc2 38. fxg5 hxg5 39. d4 f6 40. Bg3 Rxb2
41. Kg1 Bc4 42. Bf3 Re3 43. Rc1 Reb3 0-1

[Event "Moscow Open A 2015"]
[Site "Moscow RUS"]
[Date "2015.02.06"]
[Round "7.78"]
[White "Svetlov, Dmitry"]
[Black "Rakhimgaliyev, Yerlan"]
[Result "1-0"]
[WhiteTitle "FM"]
[BlackTitle "FM"]
[WhiteElo "2396"]
[BlackElo "2302"]
[WhiteFideId "24102610"]
[BlackFideId "13705148"]
[EventDate "2015.01.31"]

1. d4 Nf6 2. Nf3 g6 3. c4 Bg7 4. g3 O-O 5. Bg2 d6 6. O-O Nc6 7. Nc3 a6 8. d5 Na5
9. Nd2 c5 10. Rb1 Nd7 11. Qc2 Rb8 12. b3 b5 13. Bb2 Qc7 14. Nd1 bxc4 15. bxc4
Bxb2 16. Nxb2 e5 17. Nd3 Nb6 18. f4 f6 19. fxe5 fxe5 20. Rxf8+ Kxf8 21. Nf2 Kg7
22. Bh3 Bd7 23. Bxd7 Nxd7 24. Rxb8 Nxb8 25. Nfe4 Nb7 26. Qa4 Qd7 27. Qb3 Qc7 28.
Qf3 Qe7 29. Qg4 Qd7 30. Qh4 Qf5 31. Ng5 h5 32. Ne6+ Kg8 33. Ne4 Nd7 34. Qe7 Qf7
35. Qxd7 1-0

[Event "Moscow Open A 2015"]
[Site "Moscow RUS"]
[Date "2015.02.06"]
[Round "7.79"]
[White "Gevorgyan, David"]
[Black "Askerov, Marat"]
[Result "1-0"]
[WhiteElo "2395"]
[BlackElo "2283"]
[WhiteFideId "13303244"]
[BlackFideId "24175200"]
[EventDate "2015.01.31"]

1. d4 Nf6 2. c4 e6 3. Nc3 Bb4 4. e3 O-O 5. Bd3 d5 6. Ne2 Re8 7. O-O Nbd7 8. cxd5
exd5 9. Qb3 Bxc3 10. Nxc3 c6 11. Qc2 Nf8 12. b4 Qd6 13. b5 Ng4 14. g3 h5 15.
bxc6 bxc6 16. Ne2 Ne6 17. h4 g5 18. e4 gxh4 19. e5 Qe7 20. f3 hxg3 21. Nxg3 Nxd4
22. Qg2 Qxe5 23. fxg4 Bxg4 24. Bf4 Nf3+ 25. Qxf3 Qd4+ 26. Qf2 Qxd3 27. Bg5 Qg6
28. Qd2 Re6 29. Rf2 f6 30. Bh4 Rb8 31. Kh2 Kg7 32. Raf1 Rf8 33. Qd4 Rf7 34. Rg1
Kh7 35. a4 f5 36. Qf4 Qh6 37. Bg5 Qg7 38. Bh4 Qe5 39. Bg5 Qxf4 40. Bxf4 h4 41.
Nf1 Rb7 42. Ne3 Rb4 43. Nxg4 fxg4 44. Rxg4 Rxa4 45. Rfg2 Rxf4 46. Rxf4 Rh6 47.
Rf7+ Kh8 48. Rxa7 1-0

[Event "Moscow Open A 2015"]
[Site "Moscow RUS"]
[Date "2015.02.06"]
[Round "7.80"]
[White "Akhmetov, Ayan"]
[Black "Aslanov, Sergei"]
[Result "1-0"]
[WhiteTitle "IM"]
[WhiteElo "2376"]
[BlackElo "2273"]
[WhiteFideId "13703706"]
[BlackFideId "4180828"]
[EventDate "2015.01.31"]

1. e4 c5 2. Nf3 Nc6 3. d4 cxd4 4. Nxd4 e5 5. Nb5 d6 6. N1c3 a6 7. Na3 b5 8. Nd5
Nge7 9. c4 Nd4 10. Be3 Nxd5 11. cxd5 g6 12. Bxd4 exd4 13. Qxd4 Qa5+ 14. Qd2
Qxd2+ 15. Kxd2 Bg7 16. Rb1 f5 17. Bd3 fxe4 18. Bxe4 O-O 19. f3 Bf5 20. Rhe1 Bxe4
21. fxe4 Be5 22. h3 Rac8 23. Re2 Rf4 24. Rc1 Rxc1 25. Kxc1 Rf1+ 26. Kc2 Kg7 27.
Kb3 Rd1 28. Nc2 a5 29. Na3 Rd4 30. Kc2 Rb4 31. b3 a4 32. bxa4 bxa4 33. Kd3 Rd4+
34. Ke3 h5 35. Rc2 Rd1 36. Nc4 Bg3 37. Nb2 Re1+ 38. Kf3 h4 39. Nxa4 Kf6 40. Nb2
Rf1+ 41. Ke3 g5 42. Nd3 g4 43. hxg4 Kg5 44. e5 dxe5 45. d6 Kf6 46. Nc5 Bf4+ 47.
Ke4 Rd1 48. Nd3 Bg3 49. g5+ 1-0

[Event "Moscow Open A 2015"]
[Site "Moscow RUS"]
[Date "2015.02.06"]
[Round "7.81"]
[White "Ageichenko, Genadi A"]
[Black "Faizrakhmanov, Ramil"]
[Result "0-1"]
[WhiteTitle "IM"]
[BlackTitle "FM"]
[WhiteElo "2269"]
[BlackElo "2371"]
[WhiteFideId "4105222"]
[BlackFideId "24103209"]
[EventDate "2015.01.31"]

1. e4 e5 2. Nf3 Nc6 3. Bb5 Nf6 4. d3 Bc5 5. O-O Nd4 6. Nxd4 Bxd4 7. Nd2 c6 8.
Ba4 d6 9. Bb3 O-O 10. Nf3 Bb6 11. Bg5 h6 12. Be3 a5 13. a4 Re8 14. Re1 Bxe3 15.
Rxe3 Qb6 16. Qd2 Be6 17. Bxe6 Rxe6 18. b3 Rae8 19. Rae1 Qc5 20. h3 g6 21. c3 Qb6
22. Qc2 R6e7 23. Nh2 d5 24. Ng4 Nxg4 25. hxg4 d4 26. cxd4 exd4 27. Rh3 Kg7 28.
Qc1 Rh8 29. Qc4 f6 30. f4 Qb4 31. Rc1 Qd6 32. Qc5 Rd8 33. Rf3 Rdd7 34. Qb6 Qa3
35. Rc5 Qa1+ 36. Kh2 Qe1 37. Qxa5 Qh4+ 38. Rh3 Qxg4 39. Qd2 g5 40. Rf5 Re6 41.
Qf2 Rd8 42. b4 Rd7 43. a5 Rdd6 44. Qd2 Re7 45. Kg1 Rd5 46. exd5 Qxf5 47. dxc6 g4
48. cxb7 Rxb7 49. Rh4 h5 50. Qe1 Rc7 51. Qe4 g3 52. Kf1 Qc8 53. Ke2 Kh6 54. Kf3
Rg7 55. Qxd4 Qc6+ 56. Qe4 Qc1 57. Qe2 Qg1 58. f5 Rg5 59. Rf4 Qc1 60. b5 Qc5 61.
b6 Qxa5 62. Qe8 Qd5+ 63. Ke3 Rg8 64. Qe6 Qc5+ 65. Ke4 Rf8 66. Rf3 Qc3 67. Kf4 0-1

[Event "Moscow Open A 2015"]
[Site "Moscow RUS"]
[Date "2015.02.06"]
[Round "7.82"]
[White "Mirzaev, Aziz"]
[Black "Kanter, Eduard"]
[Result "1-0"]
[WhiteTitle "FM"]
[BlackTitle "IM"]
[WhiteElo "2268"]
[BlackElo "2369"]
[WhiteFideId "4116224"]
[BlackFideId "4103963"]
[EventDate "2015.01.31"]

1. d4 Nf6 2. c4 g6 3. Nf3 Bg7 4. Nc3 d5 5. Qb3 dxc4 6. Qxc4 O-O 7. e4 Na6 8. Be2
c5 9. d5 e6 10. O-O exd5 11. exd5 Bf5 12. Be3 Qb6 13. Nh4 Bd7 14. Rad1 Rad8 15.
d6 Be6 16. Qb5 Rxd6 17. Rxd6 Qxd6 18. Qxb7 Ng4 19. Bxg4 Bxg4 20. h3 Be6 21. Qxa7
Qc6 22. Nf3 Bxh3 23. Qe7 Bg4 24. Ng5 c4 25. a4 Bf5 26. a5 h6 27. Nf3 Re8 28. Qa7
Bd3 29. Re1 Nb4 30. Qb6 Qxb6 31. Bxb6 Ra8 32. Ne5 Bf5 33. Nxc4 Be6 34. Ne5 g5
35. Nb5 Bxe5 36. Rxe5 Nc6 37. Rc5 Nxa5 38. Nc7 Rb8 39. Bxa5 Rxb2 40. Nxe6 fxe6
41. Rc7 1-0

[Event "Moscow Open A 2015"]
[Site "Moscow RUS"]
[Date "2015.02.06"]
[Round "7.83"]
[White "Bikuzhin, Maksim"]
[Black "Savenkov, Konstantin"]
[Result "1-0"]
[BlackTitle "FM"]
[WhiteElo "2241"]
[BlackElo "2363"]
[WhiteFideId "24128015"]
[BlackFideId "4138600"]
[EventDate "2015.01.31"]

1. e4 e6 2. d3 d5 3. Nd2 Nf6 4. Ngf3 b6 5. c3 c5 6. Qa4+ Qd7 7. Qc2 Qc7 8. Be2
g6 9. O-O Bg7 10. Re1 O-O 11. b3 Bb7 12. Bb2 Nc6 13. a3 Rac8 14. Rac1 b5 15. Bf1
dxe4 16. dxe4 a6 17. a4 Qb6 18. Rcd1 Rfd8 19. Qb1 Rc7 20. axb5 axb5 21. e5 Ng4
22. c4 Rcd7 23. cxb5 c4 24. Re2 Ncxe5 25. Nxe5 Bxe5 26. Bxe5 Nxe5 27. bxc4 Qc7
28. b6 Qb8 29. Qb5 Nc6 30. Qb2 Nd4 31. Ree1 Qf4 32. Ra1 Nf5 33. Nb3 Nh4 34. Re3
Nf5 35. Qe5 Qg5 36. Nc5 Bxg2 37. Rg3 Qh5 38. Nxd7 Bxf1 39. Nf6+ 1-0

[Event "Moscow Open A 2015"]
[Site "Moscow RUS"]
[Date "2015.02.06"]
[Round "7.84"]
[White "Bulavin, Alexander"]
[Black "Rodchenkov, Vitaly"]
[Result "1-0"]
[BlackTitle "FM"]
[WhiteElo "2221"]
[BlackElo "2356"]
[WhiteFideId "4178033"]
[BlackFideId "4152964"]
[EventDate "2015.01.31"]

1. d4 d6 2. g3 g6 3. Bg2 Bg7 4. c3 f5 5. Qb3 c6 6. Nh3 Qb6 7. O-O Nf6 8. Bg5
Qxb3 9. axb3 Be6 10. Bxf6 Bxf6 11. Nd2 Bf7 12. b4 e5 13. dxe5 dxe5 14. e4 Nd7
15. f4 exf4 16. Nxf4 Bd8 17. exf5 Bb6+ 18. Kh1 O-O-O 19. Ne6 Ne5 20. Nxd8 Rxd8
21. Ne4 Ng4 22. Nc5 Ne3 23. fxg6 Bxg6 24. Bh3+ Kb8 25. Rf2 Nc4 26. Raf1 a5 27.
Rf8 Rxf8 28. Rxf8+ Ka7 29. Bf5 Nxb2 30. Bxg6 hxg6 31. Rf1 Nc4 32. Ra1 Bc7 33.
bxa5 Bxa5 34. Ra4 Nd6 1-0

[Event "Moscow Open A 2015"]
[Site "Moscow RUS"]
[Date "2015.02.06"]
[Round "7.85"]
[White "Fakhrutdinov, Timur"]
[Black "Naghdiyev, Niyazi"]
[Result "1/2-1/2"]
[WhiteTitle "FM"]
[WhiteElo "2352"]
[BlackElo "2266"]
[WhiteFideId "24176702"]
[BlackFideId "13405519"]
[EventDate "2015.01.31"]

1. e4 c6 2. d4 d5 3. Nc3 dxe4 4. Nxe4 Bf5 5. Ng3 Bg6 6. h4 h6 7. Nf3 Nd7 8. h5
Bh7 9. Bd3 Bxd3 10. Qxd3 e6 11. Bd2 Qc7 12. O-O-O Ngf6 13. Ne4 O-O-O 14. g3 Nxe4
15. Qxe4 Bd6 16. c4 c5 17. Bc3 Nf6 18. Qe2 cxd4 19. Nxd4 a6 20. Nf3 Qc6 21. Ne5
Bxe5 22. Bxe5 Rxd1+ 23. Rxd1 Rd8 24. Rxd8+ Kxd8 25. Bxf6+ gxf6 26. b3 Ke8 27.
Kc2 Qh1 28. g4 Qa1 29. Kd3 Kf8 30. f3 Kg7 1/2-1/2

[Event "Moscow Open A 2015"]
[Site "Moscow RUS"]
[Date "2015.02.06"]
[Round "7.86"]
[White "Golubev, Roman"]
[Black "Aliyev, Rasim"]
[Result "1/2-1/2"]
[WhiteTitle "FM"]
[WhiteElo "2348"]
[BlackElo "2257"]
[WhiteFideId "14202344"]
[BlackFideId "13401084"]
[EventDate "2015.01.31"]

1. e4 c6 2. d4 d5 3. e5 Bf5 4. Nf3 e6 5. Be2 Ne7 6. O-O Bg6 7. Nh4 Nf5 8. Nxf5
Bxf5 9. g4 Bg6 10. f4 f5 11. exf6 Qxf6 12. Be3 Bd6 13. Nd2 O-O 14. c3 Nd7 15.
Qe1 c5 16. h4 cxd4 17. cxd4 h5 18. gxh5 Bf5 19. Qg3 Qh6 20. Kh2 Nf6 21. Qg5 Kh7
22. Rg1 Rac8 23. Rac1 Rxc1 24. Rxc1 Bg4 25. Bd3+ Kh8 26. Kg2 Bxh5 27. Nf3 Bxf3+
28. Kxf3 Nh5 29. Qxh6+ gxh6 30. f5 Kh7 31. Kg4 Nf6+ 32. Kf3 Nh5 33. Kg4 Nf6+ 34.
Kf3 Nh5 35. Kg4 Nf6+ 1/2-1/2

[Event "Moscow Open A 2015"]
[Site "Moscow RUS"]
[Date "2015.02.06"]
[Round "7.87"]
[White "Atabayev, Saparmyrat"]
[Black "Miroshnichenko, Pavel"]
[Result "0-1"]
[WhiteTitle "FM"]
[WhiteElo "2332"]
[BlackElo "2245"]
[WhiteFideId "14000571"]
[BlackFideId "4188659"]
[EventDate "2015.01.31"]

1. e4 e5 2. Nf3 Nc6 3. d4 exd4 4. Nxd4 Bb4+ 5. c3 Bc5 6. Be3 Bb6 7. Bc4 Nf6 8.
Nxc6 bxc6 9. e5 Nd5 10. Bxd5 cxd5 11. Qxd5 Rb8 12. Bf4 Bb7 13. Qd2 O-O 14. Na3
f6 15. O-O-O fxe5 16. Be3 Bxg2 17. Rhg1 Bc6 18. Nc4 Qf6 19. Nxb6 axb6 20. Rg3
Rf7 21. Rdg1 Be4 22. Rg5 Ra8 23. b3 Qe7 24. Qb2 d6 25. c4 c5 26. a4 Qe6 27. Qc3
Rd8 28. Kb2 Qh3 29. f4 Qxh2+ 30. Ka3 Qc2 31. Qxc2 Bxc2 32. fxe5 dxe5 33. Rxe5
Rd3 34. Kb2 Bxb3 35. a5 bxa5 36. Bh6 Rf2+ 37. Kc1 Rd7 38. Rxc5 a4 39. Rcg5 Rff7
40. Ra5 Ra7 41. Rxa7 Rxa7 42. c5 Kf8 43. Bf4 Bd5 44. Rd1 Bc6 45. Rd6 Be4 46. Kb2
Bf5 47. Ka3 Ke8 48. Rb6 Ra8 49. c6 Ra5 50. c7 Kf7 51. Rb8 Rc5 52. Bd6 Rc4 53.
Rf8+ Kg6 54. Rg8 Kf6 55. Rf8+ Kg5 56. Rf7 Kg6 57. Re7 Kf6 58. Re8 h5 59. Be5+
Kf7 60. Ra8 g5 61. Rxa4 Rxa4+ 62. Kxa4 Bd7+ 63. Kb4 Ke6 64. Bh2 Kd5 65. Kc3 Ke4
66. Kd2 Kf3 67. Ke1 Kg2 0-1

[Event "Moscow Open A 2015"]
[Site "Moscow RUS"]
[Date "2015.02.06"]
[Round "7.88"]
[White "Parvanyan, Ashot"]
[Black "Morgunov, Anatoly"]
[Result "0-1"]
[BlackTitle "FM"]
[WhiteElo "2053"]
[BlackElo "2330"]
[WhiteFideId "13307550"]
[BlackFideId "4145909"]
[EventDate "2015.01.31"]

1. Nf3 f5 2. d3 d6 3. e4 e5 4. Nc3 Nf6 5. exf5 Bxf5 6. d4 e4 7. Nh4 Bg4 8. Be2
Bd7 9. Bg5 Be7 10. g3 O-O 11. Ng2 Bf5 12. Nf4 c6 13. h4 d5 14. Qd2 Qd7 15. Nd1
Ng4 16. Bxe7 Qxe7 17. Ne3 Nxe3 18. fxe3 Na6 19. O-O-O Nc7 20. c4 Bd7 21. Kb1 Be6
22. cxd5 Bxd5 23. Rdf1 a5 24. Qc3 a4 25. Bc4 Rad8 26. Bxd5+ Nxd5 27. Qc4 Qb4 28.
Qxb4 Nxb4 29. a3 Nd5 30. Nxd5 cxd5 31. Rf4 Rxf4 32. gxf4 Rd6 33. Rg1 h6 34. Kc2
Rc6+ 35. Kd2 Kf7 36. Rg2 Rg6 37. Rxg6 Kxg6 38. Kc3 Kh5 39. Kb4 Kxh4 40. Kc5 Kg4
41. Kxd5 Kf3 42. Kc5 Kxe3 43. d5 Kf3 44. d6 e3 45. d7 e2 46. d8=Q e1=Q 47. Qd5+
Qe4 48. Qh5+ Kxf4 49. Qh4+ Kf5 50. Qh3+ Kf6 0-1

[Event "Moscow Open A 2015"]
[Site "Moscow RUS"]
[Date "2015.02.06"]
[Round "7.89"]
[White "Murtazin, Bulat"]
[Black "Ivlev, Aleksey"]
[Result "1-0"]
[WhiteTitle "FM"]
[WhiteElo "2326"]
[BlackElo "2231"]
[WhiteFideId "24151351"]
[BlackFideId "24185949"]
[EventDate "2015.01.31"]

1. d4 Nf6 2. c4 c5 3. d5 e6 4. Nc3 exd5 5. cxd5 d6 6. Nf3 g6 7. Bf4 a6 8. a4 Bg7
9. e3 O-O 10. h3 Re8 11. Be2 Ne4 12. Nxe4 Rxe4 13. Nd2 Rb4 14. Nc4 Rxc4 15. Bxc4
Bxb2 16. Rb1 Bc3+ 17. Ke2 Bb4 18. Qc2 Qe7 19. Bd3 Nd7 20. Rxb4 cxb4 21. Qc7 Qf6
22. Bxd6 Qb2+ 23. Kf3 Qc3 24. Qxc3 bxc3 25. a5 b5 26. Rc1 Bb7 27. e4 f5 28. exf5
Bxd5+ 29. Ke3 Rc8 30. fxg6 hxg6 31. g3 Bf7 32. Kd4 Nf8 33. Bxf8 Kxf8 34. Rxc3
Rd8+ 35. Ke3 Rd6 36. Rc7 Re6+ 37. Be4 b4 38. Rc6 Re5 39. Rxa6 b3 40. Kd4 Rb5 41.
Bb1 Kg7 42. Ra7 Kf6 43. a6 Ra5 44. Kc3 g5 45. Bd3 Rc5+ 46. Kb2 Bd5 47. Rb7 Ke5
48. Rb5 Rc7 49. Ra5 Ra7 50. Bc4 1-0